000 00614nam a2200241Ia 4500
003 OSt
005 20220924153703.0
006 a|||||r|||| 00| 0
007 ta
008 220923b |||||||| |||| 00| 0 tam d
024 _a351311
037 _cTextual
040 _aARTS
_cARTS
_btam
041 _2tam
_atam
082 _aO31:g(Q), N4
100 _aSivathambi Au.
_9229525
245 0 _aTamizh ilakkiyattil madamum manudamum
260 _c1994
300 _a172p.
_ccm.
650 _aTAMIL LITERATURE
942 _hO31:g(Q), N4
_cTEXL
_2CC
999 _c474508
_d474508